| 000 | 00608nam a22002177a 4500 | ||
|---|---|---|---|
| 003 | OSt | ||
| 005 | 20220107122805.0 | ||
| 008 | 150915b xxu||||| |||| 00| 0 eng d | ||
| 020 | _a9788173197901 | ||
| 040 | _cIIITMK | ||
| 082 | _2005.14 MUS/S | ||
| 100 |
_aMustafa, K. _97736 |
||
| 245 |
_aSoftware testing: _bConcepts and practices _cby Mustafa, K. |
||
| 260 |
_aNew Delhi, _bNarosa Publishing House, _c2013. |
||
| 300 | _axvii, 293p. | ||
| 650 |
_aCOMPUTER SCIENCE _97737 |
||
| 650 |
_aSOFTWARE ENGINEERING _97738 |
||
| 650 |
_aSOFTWARE TESTING _97739 |
||
| 700 |
_aKhan, R. A. _97740 |
||
| 942 |
_2ddc _cBK |
||
| 999 |
_c4823 _d4823 |
||